书目信息 |
| 书名: | Communication in our lives | |
| 作者: | Julia T. Wood. | |
| 分册号: | ||
| 分册名: | 出版地: | Belmont [Calif.] : |
|
| 出版社: | Wadsworth Pub. Co | |
| 出版时间: | c1997. | |
| 页数: | xxiv, 437 p. : | |
| 开本: | 26 cm. | |
| 丛书名: | Wadsworth series in communication studies | |
| 中图分类号: | ||
| 科图分类号: | ||
| 其他分类号: | C912.1 | |
| 主题词: | ||
| 电子资源: | ||
| 000 | 00966pam a2200277 a 450 | |
| 001 | E0762419215 | |
| 005 | 20070423084320.84 | |
| 008 | 960104s1997 caua b 001 0 eng | |
| 010 | @a96004333 | |
| 020 | @a0534504264. | |
| 035 | @A(DLC) 96004333 | |
| 040 | @aDLC@cDLC@dDLC | |
| 050 | 00 | @aP90@b.W618 1997 |
| 082 | 00 | @a302.2@2 20 |
| 090 | @aC912.1 | |
| 099 | @dC912.1@ex49 | |
| 100 | 1 | @aWood, Julia T. |
| 245 | 10 | @aCommunication in our lives / @cJulia T. Wood. |
| 260 | @aBelmont [Calif.] :@bWadsworth Pub. Co.,@cc1997. | |
| 300 | @axxiv, 437 p. :@bill. ;@c26 cm. | |
| 440 | 0 | @aWadsworth series in communication studies |
| 504 | @aIncludes bibliographical references (p. 419-431) and index. | |
| 650 | 0 | @aCommunication. |
| 906 | @a7@bcbc@corignew@d1@eocip@f19@gy-gencatlg | |
| 955 | @apb16 to la00 01-04-96; lg02 to le03 01-06-96; le03 01-11-96; le02 to ddc 01-11-96; CIP ver. lg01 06-28-96 | |
| 991 | @bc-GenColl@hP90@i.W618 1997@tCopy 1@wBOOKS | |
| Communication in our lives / / Julia T. Wood.-Belmont [Calif.] : : Wadsworth Pub. Co., , c1997. |
| xxiv, 437 p. : : ill. ; ; 26 cm.- (Wadsworth series in communication studies ) |
| Includes bibliographical references (p. 419-431) and index. |
| ISBN 0534504264. |
| ● |
| 相关链接 |
|
|
|
|
正题名:Communication in our lives
索取号:C912.1/x49
 
预约/预借
| 序号 | 登录号 | 条形码 | 馆藏地/架位号 | 状态 | 备注 |
| 1 | 0004635 | 300046359 | 第二样本阅览室/ [索取号:C912.1/x49] | 在馆 |